000 00992nas a2200289 4500
001 BR2012003824
003 BR-BrBNA
005 20231205120630.0
007 ta
008 230509b bl.|||p| |||| 00| 00por d
040 _aBR-BrBNA
_bpor
_cBiblioteca Nacional de Agricultura
041 _a(Pt)
072 _aF30; F02
100 1 _aBruna, E.D.
100 1 _aMoreto, A.L.
100 1 _aDalbó, M.A.
245 1 _aUso do coeficiente de repetibilidade na seleção de clones de pessegueiro para o litoral sul de Santa Catarina
246 1 _aRepeatability in the selection of clones of peach for the south coastal region of the state of Santa Catarina, Brazil
650 _aPÊSSEGO
650 _aMELHORAMENTO VEGETAL
650 _aCLONE
650 _aSELEÇÃO
650 _aGENÉTICA
773 0 _tRevista Brasileira de Fruticultura (Brazil)
_xISSN 0100-2945
_g(Mar 2012), v. 34(1) p. 206-215
_wBR2012003824
909 _a202311
_bLúcia
_c55
_dLúcia Elande
942 _2AGRIS
_n0
_cANA
999 _c219473
_d219473